<?xml version="1.0" encoding="UTF-8"?><?xml-stylesheet type="text/xsl" href="static/style.xsl"?><OAI-PMH xmlns="http://www.openarchives.org/OAI/2.0/" xmlns:xsi="http://www.w3.org/2001/XMLSchema-instance" xsi:schemaLocation="http://www.openarchives.org/OAI/2.0/ http://www.openarchives.org/OAI/2.0/OAI-PMH.xsd"><responseDate>2026-04-27T21:55:11Z</responseDate><request verb="GetRecord" identifier="oai:uvadoc.uva.es:10324/3436" metadataPrefix="marc">https://uvadoc.uva.es/oai/request</request><GetRecord><record><header><identifier>oai:uvadoc.uva.es:10324/3436</identifier><datestamp>2021-05-22T02:11:08Z</datestamp><setSpec>com_10324_38</setSpec><setSpec>col_10324_787</setSpec></header><metadata><record xmlns="http://www.loc.gov/MARC21/slim" xmlns:doc="http://www.lyncode.com/xoai" xmlns:xsi="http://www.w3.org/2001/XMLSchema-instance" xmlns:dcterms="http://purl.org/dc/terms/" xsi:schemaLocation="http://www.loc.gov/MARC21/slim http://www.loc.gov/standards/marcxml/schema/MARC21slim.xsd">
<leader>00925njm 22002777a 4500</leader>
<datafield tag="042" ind1=" " ind2=" ">
<subfield code="a">dc</subfield>
</datafield>
<datafield tag="720" ind1=" " ind2=" ">
<subfield code="a">Villar Velasco, Enrique</subfield>
<subfield code="e">author</subfield>
</datafield>
<datafield tag="260" ind1=" " ind2=" ">
<subfield code="c">2013</subfield>
</datafield>
<datafield tag="520" ind1=" " ind2=" ">
<subfield code="a">Este trabajo va a representar el final del Máster en Profesor de Educación Secundaria Obligatoria de Bachillerato, formación profesional y enseñanza de idiomas en la especialidad de Biología y Geología.&#xd;
El objetivo del presente trabajo es desarrollar la unidad didáctica “Dinámica de ecosistemas” correspondiente al 4º curso de Educación Secundaria Obligatoria, de la asignatura Biología y Geología.</subfield>
</datafield>
<datafield tag="024" ind2=" " ind1="8">
<subfield code="a">http://uvadoc.uva.es/handle/10324/3436</subfield>
</datafield>
<datafield ind1=" " ind2=" " tag="653">
<subfield code="a">Biología-Estudio y enseñanza</subfield>
</datafield>
<datafield ind1=" " ind2=" " tag="653">
<subfield code="a">Ecosistemas</subfield>
</datafield>
<datafield tag="245" ind1="0" ind2="0">
<subfield code="a">Dinámica de ecosistemas</subfield>
</datafield>
</record></metadata></record></GetRecord></OAI-PMH>